The Big Board: Superheroes Quiz Stats

 Plays Quiz Updated Jul 6, 2018

Score 0/36 Timer 07:00
11 Plays Today
Hint Answer % Correct
Name each of these villains or heroes known for their epic headgear.
100%
Provide the name of each character's secret identity/alter ego.
99.9%
Name these fictional locations that are home to comic book heroes.
99.9%
Identify each character sporting a rather humorless expression.
99.9%
Name the group or team of which the 3 given characters are members.
99.9%
Identify the actors who portrayed these cinematic supervillains.
99.9%
Flash
92.5%
Gotham
91.7%
Tony Stark
89.9%
Wolverine
88.4%
X-Men
88.2%
Loki
86.6%
Krypton
86.3%
Hellboy
84.7%
Guardians of the Galaxy
82.9%
Black Widow
81.7%
Justice League
79.7%
Wakanda
78%
Hint Answer % Correct
Suicide Squad
76.5%
Doctor Doom
71.7%
Juggernaut
70.9%
Anne Hathaway
70.7%
Danny DeVito
70.6%
Harvey Dent
69.9%
Atlantis
69.3%
Diana Prince
66.6%
Cate Blanchett
55.2%
Sue Storm-Richards
55%
Michael Fassbender
52%
Smallville
52%
Matt Murdock
50.9%
Martian Manhunter
49.2%
Green Lantern Corps
49.1%
Gene Hackman
48.8%
Judge Dredd
47.7%
Doctor Fate
31%

You're not logged in!

Compare scores with friends on all Sporcle quizzes.
OR
Log In

Show Comments

Extras

Top Quizzes Today


Score Distribution

Your Account Isn't Verified!

In order to create a playlist on Sporcle, you need to verify the email address you used during registration. Go to your Sporcle Settings to finish the process.

Report this User

Report this user for behavior that violates our Community Guidelines.

Details: